000 00499nam a2200181Ia 4500
008 190717s9999 xx 000 0 und d
100 _aSusman, Ed
245 _aOlder population pivots to cannabis for health reasons/
245 _cEd Susman
260 _bFAME Inc.
260 _c2018
300 _aPages 6-8, July 2018
440 _aHealth and Lifestyle: Battling The Bulge
_v12/30/1899 5:07:00 PM
650 _aCannabis
650 _ahealth
650 _aMarijuana
650 _atreatment
999 _c361975
_d361975